|
|
|
|
| LEADER |
01443nam a22003252a 4500 |
| 001 |
000765244 |
| 003 |
CZ BrMZK |
| 005 |
20200310094410.0 |
| 007 |
ta |
| 008 |
050301s1911 xr |||||||| ||czeod |
| 015 |
|
|
|a cnb000575182
|
| 035 |
|
|
|a (OCoLC)85478060
|
| 040 |
|
|
|a ABA001
|b cze
|c ABA001
|d ABA001
|
| 041 |
0 |
|
|a cze
|a eng
|
| 100 |
1 |
|
|a Jung, Václav Alois,
|d 1858-1927
|7 jk01052161
|4 com
|
| 245 |
1 |
0 |
|a Slovník anglicko-český =
|b A dictionary of the English and Bohemian languages /
|c sestavil V.A. Jung
|
| 246 |
3 |
1 |
|a Dictionary of the English and Bohemian languages
|
| 260 |
|
|
|a Praha :
|b J. Otto,
|c [1911]
|
| 300 |
|
|
|a 1564, 3 s. ;
|c 8°
|
| 910 |
|
|
|a BOA001
|b 2-0031.897,1
|b PK-0001.122
|b DEML-0646.486
|b OB2-0113.317
|
| 920 |
|
|
|a 000334612
|
| 990 |
|
|
|a BK
|
| 993 |
|
|
|a Y
|
| 991 |
|
|
|b 200505
|
| 996 |
6 |
|
|b 2618837836
|c OB2-0113.317
|l MZK
|r Sklad / do 24 hodin
|n 0
|w 000765244
|u 000060
|a 1
|e BOA001
|j MZK50
|s P
|
| 996 |
6 |
|
|b 2619216467
|c 2-0031.897,1
|l MZK
|r Sklad / do 24 hodin
|n 2
|w 000765244
|u 000010
|a 1
|e BOA001
|j MZK50
|s P
|
| 996 |
6 |
|
|b 2619536280
|c DEML-0646.486
|l MZK
|r Sklad / do 24 hodin
|n 0
|w 000765244
|u 000050
|a 1
|e BOA001
|j MZK50
|s P
|
| 996 |
6 |
|
|b 3119801663
|c PK-0001.122
|l MZK
|r Sklad / do 1 hodiny
|n 1
|w 000765244
|u 000040
|a 1
|e BOA001
|j MZK50
|s P
|
| 996 |
6 |
|
|b BC-209272
|c 2-0031.897,1
|l MZK
|r Sklad / do 24 hodin
|n 0
|w 000765244
|u 000020
|a 1
|e BOA001
|j MZK50
|s P
|
| 996 |
6 |
|
|b BC-209273
|c 2-0031.897,1
|l MZK
|r Sklad / do 24 hodin
|n 0
|w 000765244
|u 000030
|a 1
|e BOA001
|j MZK50
|s P
|